[Event "Thueringen-ch Seniors"]
[Site "Mossbach"]
[Date "2008.09.16"]
[Round "3"]
[White "Urban, Bernd"]
[Black "Wildner, Alfred"]
[Result "1-0"]
[WhiteElo "1642"]
[BlackElo "1661"]
[PlyCount "176"]
[EventDate "2008.09.15"]
[EventType "swiss"]
[EventRounds "7"]
[EventCountry "GER"]
[SourceTitle "EXT 2010"]
[Source "ChessBase"]
[SourceDate "2010.11.25"]
[SourceVersion "1"]
[SourceVersionDate "2010.11.25"]
[SourceQuality "1"]

1. c4 Nf6 2. Nc3 g6 3. e4 d6 4. d4 Bg7 5. Be2 0-0 6. Nf3 Nbd7 7. Bg5 h6 8. Bf4 Nh5 9. Be3 c6 10. Qd2 Kh7 11. g4 Nhf6 12. g5 Ng8 13. gxh6 Bxh6 14. Ng5+ Kg7 15. h4 Ndf6 16. Rg1 Nh7 17. h5 Bxg5 18. Bxg5 Nxg5 19. Qxg5 e5 20. dxe5 Qxg5 21. Rxg5 dxe5 22. Rxe5 f6 23. Ra5 b6 24. Ra3 g5 25. 0-0-0 Ne7 26. Rg1 Kh6 27. Nd1 Be6 28. Rag3 Rg8 29. Ne3 Rad8 30. Ng4+ Bxg4 31. Bxg4 Rd4 32. Be6 Rg7 33. f3 c5 34. b3 Nc6 35. Bg4 Ne5 36. Bf5 Nd3+ 37. Kc2 Nf4 38. Rd1 Rg8 39. Rxd4 cxd4 40. Bg4 Rd8 41. Rg1 d3+ 42. Kd2 Rd6 43. Re1 a5 44. Re3 Rd8 45. e5 Re8 46. exf6 Rxe3 47. Kxe3 Kh7 48. Bf5+ Kh6 49. Bxd3 Nxh5 50. Ke4 Nxf6+ 51. Ke5 Nd7+ 52. Kd6 Nc5 53. Be2 Kg6 54. Kc6 Ne6 55. Kxb6 Nd4 56. Bd1 Kf5 57. c5 Kf4 58. c6 Ne6 59. a3 Ke3 60. b4 axb4 61. axb4 Kd2 62. c7 Nxc7 63. Kxc7 Kxd1 64. b5 Ke2 65. b6 Kxf3 66. b7 g4 67. b8Q g3 68. Qb3+ Kf2 69. Qc2+ Kg1 70. Qd1+ Kh2 71. Qh5+ Kg1 72. Kd6 g2 73. Ke5 Kf2 74. Qf5+ Kg3 75. Qg5+ Kf2 76. Qf4+ Ke2 77. Qg3 Kf1 78. Qf3+ Kg1 79. Kf4 Kh2 80. Qg3+ Kh1 81. Qh3+ Kg1 82. Kg4 Kf1 83. Qd3+ Kf2 84. Qd4+ Kf1 85. Qd1+ Kf2 86. Qf3+ Kg1 87. Kh4 Kh2 88. Qh3+ Kg1 1-0